000 00885nas a2200301 4500
001 BR0103276
003 BR-BrBNA
005 20231205102335.0
007 ta
008 230509b bl.|||p| |||| 00| 00por d
040 _aBR-BrBNA
_bpor
_cBiblioteca Nacional de Agricultura
041 _a(Pt)
072 _aQ04
100 1 _aBobbio, F.O.
100 1 _aDruzian, J.I.
100 1 _aAbrao, P.A.
100 1 _aBobbio, P.A.
100 1 _aFadelli, S.
245 1 _aIdentificacao e quantificacao das antocianinas do fruto do acaizeiro (Euterpe oleracea)Mart
650 _aAcai
650 _aFruto
650 _aAntocianina
650 _aPigmento
650 _aAnalise Quantitativa
773 0 _tCiencia e Tecnologia de Alimentos (Brazil)
_xISSN 0101-2061
_g(Sep-Dec 2000), v. 20(3) p. 388-390
_wBR0103276
909 _a202311
_bLúcia
_c55
_dLúcia Elande
942 _2AGRIS
_n0
_cANA
999 _c167070
_d167070